| 000 -CABECERA |
| Longitud fija campo de control |
01157nam a22002777a 4500 |
| 003 - IDENTIFICADOR DEL NÚMERO DE CONTROL |
| Identificador del número de control |
OSt |
| 005 - FECHA Y HORA DE LA ÚLTIMA TRANSACCIÓN |
| Fecha y hora de la última transacción |
20180117131726.0 |
| 008 - CÓDIGOS DE INFORMACIÓN DE LONGITUD FIJA |
| Códigos de información de longitud fija |
180117e201709 spco||| |||| 0|1 0 cat|d |
| 017 ## - NÚMERO DE COPYRIGHT O DE DEPÓSITO LEGAL |
| Número de copyright o de depósito legal |
DL B 17353-2017 |
| Agencia que asigna el número |
Biblioteca de Catalunya |
| 020 ## - NÚMERO INTERNACIONAL NORMALIZADO PARA LIBROS |
| Número Internacional Normalizado para Libros (ISBN) |
9788429776195 |
| 040 ## - FUENTE DE LA CATALOGACIÓN |
| Centro catalogador de origen |
ES-BaBC |
| Lengua de catalogación |
cat |
| Centro transcriptor |
CDMR |
| 100 1# - PUNTO DE ACCESO PRINCIPAL-NOMBRE DE PERSONA |
| Nombre de persona |
Roig, Montserrat |
| Fechas asociadas al nombre |
1946-1991, |
| 9 (RLIN) |
2620 |
| 245 14 - MENCIÓN DE TÍTULO |
| Título |
Els Catalans als camps nazis |
| Mención de responsabilidad, etc. |
/ Montserrat Roig ; introducció de Rosa Toran ; presentació d'Artur London |
| 260 ## - PUBLICACIÓN, DISTRIBUCIÓN, ETC. (PIE DE IMPRENTA) |
| Lugar de publicación, distribución, etc. |
Barcelona : |
| Nombre del editor, distribuidor, etc. |
Edicions 62, |
| Fecha de publicación, distribución, etc. |
2017 |
| 300 ## - DESCRIPCIÓN FÍSICA |
| Extensión |
LXVIII, 826 pàgines, 20 fulls de làmines no numerades : |
| Otras características físicas |
il·lustracions ; |
| Dimensiones |
23 cm |
| 504 ## - NOTA DE BIBLIOGRAFÍA, ETC |
| Nota de bibliografía, etc. |
Índex de noms: p. 813-826 |
| 504 ## - NOTA DE BIBLIOGRAFÍA, ETC |
| Nota de bibliografía, etc. |
Bibliografia: p. 565-568 |
| 610 27 - PUNTO DE ACCESO ADICIONAL DE MATERIA - NOMBRE DE ENTIDAD CORPORATIVA |
| Nombre de entidad corporativa o nombre de jurisdicción como elemento inicial |
Mauthausen (Camp de concentració) |
| Fuente de encabezamiento o término |
lemac |
| 650 #7 - PUNTO DE ACCESO ADICIONAL DE MATERIA - TÉRMINO DE MATERIA |
| Término de materia o nombre geográfico como elemento inicial |
Guerra Mundial II, 1939-1945 |
| Subdivisión de materia general |
Presoners i presons dels alemanys |
| Fuente del encabezamiento o término |
lemac |
| 9 (RLIN) |
3587 |
| 650 #7 - PUNTO DE ACCESO ADICIONAL DE MATERIA - TÉRMINO DE MATERIA |
| Término de materia o nombre geográfico como elemento inicial |
Guerra Mundial II, 1939-1945 |
| Subdivisión de materia general |
Camps de concentració |
| Fuente del encabezamiento o término |
lemac |
| 9 (RLIN) |
3587 |
| 650 #7 - PUNTO DE ACCESO ADICIONAL DE MATERIA - TÉRMINO DE MATERIA |
| Término de materia o nombre geográfico como elemento inicial |
Presoners de guerra |
| Subdivisión geográfica |
Catalunya |
| Fuente del encabezamiento o término |
lemac |
| 650 #7 - PUNTO DE ACCESO ADICIONAL DE MATERIA - TÉRMINO DE MATERIA |
| Término de materia o nombre geográfico como elemento inicial |
Guerra Mundial II, 1939-1945 |
| Subdivisión de materia general |
Camps de concentració |
| -- |
Relats personals catalans |
| 700 1# - PUNTO DE ACCESO ADICIONAL - NOMBRE DE PERSONA |
| Nombre de persona |
Toran, Rosa, |
| Fechas asociadas al nombre |
1947- |
| 700 1# - PUNTO DE ACCESO ADICIONAL - NOMBRE DE PERSONA |
| Nombre de persona |
London, Artur Gerard, |
| 942 ## - ENTRADA DE ELEMENTOS AGREGADOS (KOHA) |
| Koha [por defecto] tipo de item |
Monografies |